Quy chế đấu thầu Regulation on bidding
Pháp lệnh về việc ban hành quy chế đấu thầu. Các quy định chung về đấu thầu, đấu thầu tuyển chọn tư vấn, mua sắm hàng hoá, xây lắp. Quản lý nhà nước về đấu thầu
Bewaard in:
| Formaat: | Boek |
|---|---|
| Taal: | Undetermined |
| Gepubliceerd in: |
Hà Nội
Xây Dựng
2000
|
| Onderwerpen: | |
| Tags: |
Voeg label toe
Geen labels, Wees de eerste die dit record labelt!
|
| Thư viện lưu trữ: | Trung tâm Học liệu Trường Đại học Cần Thơ |
|---|
| LEADER | 00766nam a2200193Ia 4500 | ||
|---|---|---|---|
| 001 | CTU_38363 | ||
| 008 | 210402s9999 xx 000 0 und d | ||
| 020 | |c 22000 | ||
| 082 | |a 346.045 | ||
| 082 | |b Qu600 | ||
| 245 | 0 | |a Quy chế đấu thầu | |
| 245 | 0 | |b Regulation on bidding | |
| 260 | |a Hà Nội | ||
| 260 | |b Xây Dựng | ||
| 260 | |c 2000 | ||
| 520 | |a Pháp lệnh về việc ban hành quy chế đấu thầu. Các quy định chung về đấu thầu, đấu thầu tuyển chọn tư vấn, mua sắm hàng hoá, xây lắp. Quản lý nhà nước về đấu thầu | ||
| 650 | |a civil law,contracts | ||
| 904 | |i Minh, 001013 | ||
| 980 | |a Trung tâm Học liệu Trường Đại học Cần Thơ | ||